Valorant Mega Quiz :) - Statistics

General Stats
  • This quiz has been taken 375 times
  • The average score is 48 of 54
Answer Stats
Agents Anwser % Correct
Duelist Jett
99%
Initiator KAY/O
98%
Duelist Reyna
98%
Controller Brimstone
96%
Sentinel Cypher
95%
Duelist Iso
95%
Controller Omen
95%
Sniper Operator
95%
Duelist Phoenix
95%
Duelist Raze
95%
Rifle Vandal
95%
Controller Clove
94%
Rifle Phantom
94%
Sidearm Classic
93%
Sidearm Ghost
93%
Sidearm Sherrif
93%
Duelist Yoru
93%
Sentinel Chamber
92%
Controller Harbor
92%
Sentinel Killjoy
92%
Sentinel Sage
92%
Initiator Skye
92%
SMG Spectre
92%
Controller Viper
92%
Map Ascent
91%
Initiator Breach
91%
Rifle Bulldog
91%
Sidearm Frenzy
91%
Duelist Neon
91%
Sidearm Shorty
91%
Initiator Sova
91%
Map Split
91%
Controller Astra
90%
Shotgun Bucky
90%
Sentinel Deadlock
90%
Initiator Gekko
90%
Rifle Guardian
90%
Map Haven
90%
SMG Stinger
90%
Map Bind
89%
Initiator Fade
89%
Map Fracture
89%
Shotgun Judge
89%
Minigun Odin
89%
Sniper Outlaw
89%
Minigun Ares
88%
Map Icebox
87%
Map Pearl
87%
Map Breeze
86%
Map Lotus
84%
Sniper Marshall
83%
Map Sunset
82%
Special Golden Gun
35%
Special Snowball Launcher
24%
No matching quizzes found
Score Distribution
Percent of People with Each Score
Percentile by Number Answered
Your Score History
You have not taken this quiz